00384cam a22001097a 4500008004000000082001600040245008800056260007100144300001000215650003200225700001700257180718b1969 xxu||||| |||| 00| 0 eng d aP04x54 P192 aMeasurement of cost productivity and efficiency of educationcedited by H.N. Pandit aDelhibNational Council of Educational Research and Trainingc1969 a434p. aEducation --India --Finance aPandit, H.N.